1721 1165 1992 1106 1395 1611 1464 1065 1898 1069 1595 1574 1059 1157 1929 1003 1672 1636 1124 1441 1412 1542 1406 1565 1368 1470 1398 1968 1850 1351 1163 1429 1524 1498 1808 1167 1992 1095 1316 1702 1294 1648 1215 1150 1739 1845 1858 1737 1338 1028 1175 1365 1906 1566 1120 1906 1439 1106 1168 1721 1760 1810 1839 1998 1783 1322 1222 1125 1148 1350 1959 1683 1810 1052 1046 1886 1337 1422 1243 1352 1445 1985 1363 1795 1801 1781 1400 1157 1252 1188 1983 1103 1771 1496 1944 1039 1524 1055 1134 BCNSPRNW ULIB Ver.6.0+V

เปลี่ยนเป็นภาษาไทย

Change to English
 แสดงรายละเอียดบรรณานุกรม
  กลับหน้าหลัก

Brief Record : Get Marc (ISO 2709) : E-mail record : QR code < ปิดหน้าต่าง
LEADER : 00000nam 2200000uu 4500
001    13399110931
003     ULIB
008    110613s||||||||th 000 0 tha d
020    9749183320
050  4 AC158^bบ821ด 2004
100    เบรนดรา วัลโพล
245    เด็กๆรู้ไหมทำไมดวงอาทิตย์ขึ้นยามเช้า /^cผู้แต่ง เบรนดรา วัลโพล
260    กรุงเทพฯ : ^bโกรเลียร์ อินเตอร์เนชั่นแนล, ^c2004
300    32 หน้า : ^bภาพประกอบสี ; ^c28 ซม.
650  7 ความรู้รอบตัว
650  7 ดวงอาทิตย์
650  7 เวลาเช้า
945    ^p350^l0^i029021
995    ทศพร
999 ^a ใช้งานได้ทุกระบบ
รายการนี้ยังไม่มีแท็ก
คุณยังไม่ได้ล็อกอิน คุณสามารถมีกิจกรรมร่วมกับเว็บไซต์ได้ แต่ต้องล็อกอินก่อน ::
  ล็อกอิน

รายการสื่อสารสนเทศ

ลำดับที่ ประเภท เลขเรียก/บาร์โค้ด สถานที่ สถานะ
- ไม่พบข้อมูล -

รายการใกล้เคียง
    หัวเรื่อง [ความรู้รอบตัว]

BibComment


ยังไม่เคยถูกคอมเมนท์

คอมเมนท์ทรัพยากรรายการนี้
  คอมเมนท์: เด็กๆรู้ไหมทำไมดว..


 Copyright 2026. Bcnsprnw @Library